UM Logo

Suicide among college students in psychotherapy : (Record no. 20771)

MARC details
000 -LEADER
fixed length control field 01243nam a22002777a 4500
003 - CONTROL NUMBER IDENTIFIER
control field OSt
005 - DATE AND TIME OF LATEST TRANSACTION
control field 20260211083525.0
008 - FIXED-LENGTH DATA ELEMENTS--GENERAL INFORMATION
fixed length control field 240821b ||||| |||| 00| 0 eng d
040 ## - CATALOGING SOURCE
Transcribing agency 0
082 ## - DEWEY DECIMAL CLASSIFICATION NUMBER
Classification number DPer 361.05 J826 January-April 2020 v. 67 n. 1-3
100 ## - MAIN ENTRY--PERSONAL NAME
Personal name Hayes, Jeffrey A.
Relator term author.
9 (RLIN) 58658
245 ## - TITLE STATEMENT
Title Suicide among college students in psychotherapy :
Remainder of title individual prediction and latent classes /
Statement of responsibility, etc. Jeffrey A. Hayes, Justin Petrovich, Rebecca A. Janis, Ying Yang, Louis G. Castonguay, and Benjamin D. Locke.
260 ## - PUBLICATION, DISTRIBUTION, ETC. (IMPRINT)
Place of publication, distribution, etc. Washington ;
Name of publisher, distributor, etc. American Psychological Association ,
Date of publication, distribution, etc. January 2020.
300 ## - PHYSICAL DESCRIPTION
Extent Volume 67, pages 104-114 :
Other physical details illustration ;
Dimensions 28 cm.
500 ## - GENERAL NOTE
General note Journal of Counseling Psychology, vol. 67, no.1, pages 104-114, January 2020.
650 #0 - SUBJECT ADDED ENTRY--TOPICAL TERM
Topical term or geographic name as entry element Students psychology.
9 (RLIN) 65333
650 #0 - SUBJECT ADDED ENTRY--TOPICAL TERM
Topical term or geographic name as entry element Suicide — Psychological aspects.
9 (RLIN) 61416
650 #0 - SUBJECT ADDED ENTRY--TOPICAL TERM
Topical term or geographic name as entry element Student health services methods trends.
9 (RLIN) 65335
700 ## - ADDED ENTRY--PERSONAL NAME
Personal name Hayes, Jeffrey A.
Relator term author.
9 (RLIN) 58658
700 ## - ADDED ENTRY--PERSONAL NAME
Personal name Petrovich, Justin.
Relator term author.
9 (RLIN) 58659
700 ## - ADDED ENTRY--PERSONAL NAME
Personal name Janis, Rebecca A.
Relator term author.
9 (RLIN) 58660
700 ## - ADDED ENTRY--PERSONAL NAME
Personal name Yang, Ying.
Relator term author.
9 (RLIN) 58661
700 ## - ADDED ENTRY--PERSONAL NAME
Personal name Castonguay, Louis G.
Relator term author.
9 (RLIN) 58662
700 ## - ADDED ENTRY--PERSONAL NAME
Personal name Locke, Benjamin D.
Relator term author.
9 (RLIN) 58663
942 ## - ADDED ENTRY ELEMENTS (KOHA)
Source of classification or shelving scheme Dewey Decimal Classification
Koha item type Periodicals
Holdings
Withdrawn status Lost status Source of classification or shelving scheme Damaged status Not for loan Collection code Home library Current library Date acquired Total Checkouts Full call number Date last seen Price effective from Koha item type Public note
    Dewey Decimal Classification     Periodicals UM Digos College - LIC UM Digos College - LIC 08/21/2024   DPer 361.05 J386 January-April 2020 v. 67 n. 1-3 08/21/2024 08/21/2024 Periodicals Periodical Article